00348nam a2200133Ia 4500008004100000041000800041082001800049100002700067245005300094260002000147300001300167650001800180650001600198210719s2013 xx 000 0 und d akan a362.292K CHAM aCHANDRASHEKHAR (Si Ar) aMadyapAna: ArOgyakke mAraka hEge? parihAra hEge? aBengaLUruc2013 av,72bPB aSocial Action aSocial Work